ՀՀ Գիտությունների ազգային ակադեմիայի հիմնարար գիտական գրադարան  =   Fundamental Scientific Library of NAS RA

Ընտիր երկեր : (Record no. 7624)

MARC details
000 -LEADER
fixed length control field 00906nam a2200217 a 4500
001 - CONTROL NUMBER
control field 000021062
003 - CONTROL NUMBER IDENTIFIER
control field AM-YEHGA
005 - DATE AND TIME OF LATEST TRANSACTION
control field 20250618070822.0
008 - FIXED-LENGTH DATA ELEMENTS--GENERAL INFORMATION
fixed length control field 030329s1975 ai a|||gr|||||||||1|arm|d
040 ## - CATALOGING SOURCE
Original cataloging agency AM-YeHGA
041 0# - LANGUAGE CODE
Language code of text/sound track or separate title arm
090 ## - LOCALLY ASSIGNED LC-TYPE CALL NUMBER (OCLC); LOCAL CALL NUMBER (RLIN)
-- 7683
100 1# - MAIN ENTRY--PERSONAL NAME
Personal name Հովսեփյան, Բաղիշ Արշակի,
Dates associated with a name 1922-2004
9 (RLIN) 1920
245 10 - TITLE STATEMENT
Title Ընտիր երկեր :
Remainder of title [Պատմվածքներ ; Վեպեր] /
Statement of responsibility, etc. Բ.Ա. Հովսեփյան ; Խմբ.՝ Հ. Թ. Կարճիկյան ; Նկ.՝ Խ. Հ. Գյուլամիրյան.
260 ## - PUBLICATION, DISTRIBUTION, ETC.
Place of publication, distribution, etc. Երևան :
Name of publisher, distributor, etc. Հայաստան,
Date of publication, distribution, etc. 1975.
300 ## - PHYSICAL DESCRIPTION
Extent 600 էջ :
Other physical details նկ. ;
Dimensions 22 սմ.
650 14 - SUBJECT ADDED ENTRY--TOPICAL TERM
Topical term or geographic name entry element Հայ գրականություն
General subdivision Արձակ
700 1# - ADDED ENTRY--PERSONAL NAME
Personal name Կարճիկյան, Համլետ Թորգոմի,
Dates associated with a name 1936-2022
Relator term խմբ.
Relationship edt
9 (RLIN) 1475
700 1# - ADDED ENTRY--PERSONAL NAME
Personal name Գյուլամիրյան, Խաչատուր Հովհաննեսի,
Dates associated with a name 1922-2001
Relator term նկ.
Relationship art
9 (RLIN) 3258
942 ## - ADDED ENTRY ELEMENTS (KOHA)
Source of classification or shelving scheme Universal Decimal Classification
Koha item type Գրքեր / Books
Holdings
Withdrawn status Lost status Source of classification or shelving scheme Damaged status Not for loan Collection Home library Current library Date acquired Total checkouts Full call number Barcode Date last seen Price effective from Koha item type Public note
    Universal Decimal Classification     General Fundamental Scientific Library Fundamental Scientific Library 21/12/2016   AII/54976 220054976 21/12/2016 21/12/2016 Գրքեր / Books 30 Days Loan
    Universal Decimal Classification     General Fundamental Scientific Library Fundamental Scientific Library 21/12/2016   AII/54977 220054977 21/12/2016 21/12/2016 Գրքեր / Books 30 Days Loan
    Universal Decimal Classification     General Fundamental Scientific Library Fundamental Scientific Library 21/12/2016   AII/54978 220054978 21/12/2016 21/12/2016 Գրքեր / Books 30 Days Loan
    Universal Decimal Classification     General Fundamental Scientific Library Fundamental Scientific Library 17/11/2022   AII/108955 FL0677590 17/11/2022 17/11/2022 Գրքեր / Books 30 Days Loan


ՀՀ ԳԱԱ հիմնարար գիտական գրադարան
ՀՀ,Երևան 0019
Մարշալ Բաղրամյան 24/6
հեռախոս:(374-10) 52-47-50
Հետադարձ կապ

All site content, except where otherwise noted, is licensed under a
Creative Commons License